| 000 | 01176nam a2200289Ia 4500 | ||
|---|---|---|---|
| 001 | ebr10082052 | ||
| 003 | CaPaEBR | ||
| 006 | m u | ||
| 007 | cr cn||||||||| | ||
| 008 | 041015s2005 mau s 000 0 eng d | ||
| 010 | _z 2004115265 | ||
| 020 | _z1592006485 (pbk.) | ||
| 040 |
_aCaPaEBR _cCaPaEBR |
||
| 035 | _a(OCoLC)79459971 | ||
| 050 | 1 | 4 |
_aTR821 _b.L69 2005eb |
| 082 | 0 | 4 |
_a778.9/9796 _222 |
| 100 | 1 | _aLowrance, G. Newman. | |
| 245 | 1 | 0 |
_aDigital sports photography _h[electronic resource] / _cG. Newman Lowrance with contributions by Andy Hayt, Jon Hayt, and Keviun Terrell ; foreword by Peter Read Miller. |
| 260 |
_aBoston, MA : _bThomson Course Technology PTR, _cc2005. |
||
| 300 | _a256 p. | ||
| 533 |
_aElectronic reproduction. _bPalo Alto, Calif. : _cebrary, _d2009. _nAvailable via World Wide Web. _nAccess may be limited to ebrary affiliated libraries. |
||
| 650 | 0 | _aPhotography of sports. | |
| 650 | 0 |
_aPhotography _xDigital techniques. |
|
| 655 | 7 |
_aElectronic books. _2local |
|
| 710 | 2 | _aebrary, Inc. | |
| 856 | 4 | 0 |
_uhttp://site.ebrary.com/lib/rucke/Doc?id=10082052 _zAn electronic book accessible through the World Wide Web; click to view |
| 999 |
_c55209 _d55209 |
||